Η γλώσσα C σε βάθος : πλήρης οδηγός εκμάθησης της γλώσσας C με εκτενή αναφορά στις δομές δεδομένων

Αποθηκεύτηκε σε:
Λεπτομέρειες βιβλιογραφικής εγγραφής
Κύριος συγγραφέας: Χατζηγιαννάκης, Νίκος Μ.
Μορφή: Βιβλίο
Γλώσσα:Greek
Δημοσίευση: Αθήνα : Κλειδάριθμος, 2017.
Έκδοση:5η εκδ.
Θέματα:
Ετικέτες: Προσθήκη ετικέτας
Δεν υπάρχουν, Καταχωρήστε ετικέτα πρώτοι!

MARC

LEADER 00000cam a2200000 a 4500
001 1/120490
008 191210s2017####gr | ||| |||| ||gre||
020 |a 9789604617159 
040 |a GR-MyUa  |b gre  |c GR-MyUa  |e AACR2 
041 0 |a gre 
082 7 |a 005.133   |2 (23) 
100 1 |a Χατζηγιαννάκης, Νίκος Μ. 
245 1 2 |a Η γλώσσα C σε βάθος :   |b πλήρης οδηγός εκμάθησης της γλώσσας C με εκτενή αναφορά στις δομές δεδομένων /   |c Νίκος Μ. Χατζηγιαννάκης.  
250 |a 5η εκδ.  
260 |a Αθήνα :   |b Κλειδάριθμος,   |c 2017.  
300 |a 821 σ. ;   |c 24 εκ.  
504 |a Βιβλιογραφία: σ. 809-810. Ευρετήριο.  
650 0 |a C# (Computer program language) 
852 |a INST  |b LESVOS  |c EUDOXUS  |e 20191210  |h 005.133 ΧΑΤ  |p 005100063019  |q 005100063019  |t EDX  |y 0 
920 |a Εύδοξος  |b Επιστροφή  |y Λέσβος  |z 2019-12 
970 |a Καμάτσου  |b Δέσποινα  |z 10-12-2019